Training children from the beginning as "unto the Lord". (Record no. 14734)

000 -LEADER
fixed length control field 00632nam a2200193 a 4500
001 - CONTROL NUMBER
control field :::00012568$&:&@@
003 - CONTROL NUMBER IDENTIFIER
control field OkBaRHE
005 - DATE AND TIME OF LATEST TRANSACTION
control field 20000607103420.0
008 - FIXED-LENGTH DATA ELEMENTS--GENERAL INFORMATION
fixed length control field s1959 j 000 0 eng u
040 ## - CATALOGING SOURCE
Transcribing agency
100 1# - MAIN ENTRY--PERSONAL NAME
Personal name Wonderly, Gustava M.
245 10 - TITLE STATEMENT
Title Training children from the beginning as "unto the Lord".
260 ## - PUBLICATION, DISTRIBUTION, ETC. (IMPRINT)
Place of publication, distribution, etc Chicago, IL., :
Name of publisher, distributor, etc Moody Press
Date of publication, distribution, etc c1959
300 ## - PHYSICAL DESCRIPTION
Extent 128 p. ;
Dimensions 17 cm.
650 ## - SUBJECT ADDED ENTRY--TOPICAL TERM
Topical term or geographic name as entry element Child Rearing
General subdivision Religious Aspects
-- Christianity
650 ## - SUBJECT ADDED ENTRY--TOPICAL TERM
Topical term or geographic name as entry element Discipline of Children
942 ## - ADDED ENTRY ELEMENTS (KOHA)
Source of classification or shelving scheme
Koha item type Books
Copies
Not for loan Koha item type Permanent Location Full call number Withdrawn status Price effective from Damaged status Barcode Shelving location Lost status Date acquired Date last seen Source of classification or shelving scheme Copy number
 BooksRHEMA Bible Training CollegeHQ 769 .W588 2010-04-14 12568General Stacks 2010-04-142010-04-14 1